[Event "TuRa Harksheide-SV Schott Jena"]
[Site "?"]
[Date "2010.12.27"]
[Round "1.1"]
[White "Petermann, Tessa"]
[Black "Polert, Annika"]
[Result "0-1"]
[WhiteElo "1313"]
[BlackElo "1762"]
[PlyCount "88"]
[EventDate "2010.??.??"]
[WhiteTeam "SV Schott Jena"]
[BlackTeam "TuRa Harksheide"]

1. d4 Nf6 2. Nf3 g6 3. c4 Bg7 4. Nc3 O-O 5. e4 d6 6. h3 c6 7. Bd3 Nbd7 8. Bg5
e5 9. d5 Qb6 10. Qd2 Nc5 11. b3 a5 12. O-O Re8 13. Be3 Qc7 14. Bc2 Bd7 15. Rad1
cxd5 16. Nxd5 Nxd5 17. cxd5 Rec8 18. Rc1 Qd8 19. Bb1 Bb5 20. Rfd1 Na6 21. Kh2
a4 22. b4 Nc7 23. a3 Bd7 24. Bb6 Ra6 25. Qe3 f5 26. Bxc7 Rxc7 27. Rxc7 Qxc7 28.
Rc1 Qd8 29. Bd3 {=} Ra8 30. Rc2 Rc8 31. Qc1 Rxc2 32. Qxc2 fxe4 33. Bxe4 Qc8 34.
Qxc8+ Bxc8 35. Ng5 Bh6 36. Ne6 Bc1 37. Nc7 Bd7 38. b5 Bxa3 39. Bc2 Bc5 40. Bxa4
Bxf2 41. Ne6 e4 42. Ng5 e3 43. Bd1 Bxb5 44. Ne4 Bd3 0-1

[Event "TuRa Harksheide-SV Schott Jena"]
[Site "?"]
[Date "2010.12.27"]
[Round "1.2"]
[White "Diederichs, Luise"]
[Black "Monossova, Maria"]
[Result "1-0"]
[WhiteElo "1678"]
[BlackElo "1367"]
[PlyCount "59"]
[EventDate "2010.??.??"]
[WhiteTeam "TuRa Harksheide"]
[BlackTeam "SV Schott Jena"]

1. c4 Nf6 2. Nc3 g6 3. e4 d6 4. h3 Bg7 5. Nge2 O-O 6. g3 Nbd7 7. Bg2 Ne5 8. d3
Be6 9. f4 Nc6 10. O-O Qc8 11. Kh2 Nh5 12. g4 Nf6 13. Ng3 Nd4 14. f5 Bd7 15. g5
Ne8 16. Nd5 Qd8 17. h4 c6 18. Ne3 Qc8 19. h5 gxf5 20. Nexf5 Nxf5 21. exf5 Be5
22. Qf3 Ng7 23. Bh3 Kh8 24. h6 Ne8 25. Kg2 c5 26. Ne4 Rg8 27. Kf2 Qc7 28. Qh5
f6 29. g6 hxg6 30. fxg6 1-0

[Event "TuRa Harksheide-SV Schott Jena"]
[Site "?"]
[Date "2010.12.27"]
[Round "1.3"]
[White "Glöckner, Helene"]
[Black "Zimmermann, Jasmin"]
[Result "0-1"]
[WhiteElo "1106"]
[BlackElo "1534"]
[PlyCount "54"]
[EventDate "2010.??.??"]
[WhiteTeam "SV Schott Jena"]
[BlackTeam "TuRa Harksheide"]

1. Nf3 d5 2. d4 Nf6 3. Bf4 e6 4. e3 Nc6 5. Nbd2 Bd6 6. Bxd6 cxd6 7. Bd3 O-O 8.
O-O e5 9. e4 exd4 10. exd5 Nxd5 11. Be4 Be6 12. a3 f5 13. Bd3 Qf6 14. Re1 Rfe8
15. Nc4 Bd7 16. Qd2 a5 17. Qg5 Rf8 18. Re2 b5 19. Ncd2 Rab8 20. c4 Qxg5 21.
Nxg5 Nf4 22. Ree1 Nxd3 23. Reb1 bxc4 24. Nxc4 d5 25. Nd6 Rf6 26. Rd1 Nde5 27.
Rac1 Rxd6 0-1

[Event "TuRa Harksheide-SV Schott Jena"]
[Site "?"]
[Date "2010.12.27"]
[Round "1.4"]
[White "Köhler, Inken"]
[Black "Dietzel, Maren"]
[Result "0-1"]
[WhiteElo "1130"]
[BlackElo "893"]
[PlyCount "40"]
[EventDate "2010.??.??"]
[WhiteTeam "TuRa Harksheide"]
[BlackTeam "SV Schott Jena"]

1. e4 c5 2. Nf3 Nf6 3. e5 Nd5 4. Bc4 e6 5. d4 b6 6. dxc5 Bxc5 7. Bxd5 exd5 8.
Qxd5 Nc6 9. O-O O-O 10. Ng5 h6 11. Nxf7 Rxf7 12. e6 dxe6 13. Qxc6 Rb8 14. g3
Ba6 15. Re1 Bxf2+ 16. Kg2 Bxe1 17. Qxe6 Qe8 18. Qg4 Bc8 19. Qd1 Qe4+ 20. Kg1
Bh3 0-1

[Event "SV Lingen-Chemnitzer SC Aufbau`95"]
[Site "?"]
[Date "2010.12.27"]
[Round "1.1"]
[White "Hartewig, Anja"]
[Black "Edel, Fenja"]
[Result "1/2-1/2"]
[WhiteElo "1404"]
[BlackElo "1203"]
[PlyCount "122"]
[EventDate "2010.??.??"]
[WhiteTeam "Chemnitzer SC Aufbau`95"]
[BlackTeam "SV Lingen"]

1. d4 d5 2. c4 e6 3. Nc3 Nf6 4. cxd5 exd5 5. Bg5 c6 6. Nf3 Be7 7. h3 Bf5 8. e3
Nbd7 9. Bd3 Bg6 10. O-O O-O 11. Ne2 Ne4 12. Bxe7 Qxe7 13. a3 Rad8 14. b4 Rfe8
15. b5 c5 16. Nf4 Nb6 17. Nxg6 hxg6 18. dxc5 Qxc5 19. Qc2 Rc8 20. Qxc5 Rxc5 21.
Rfc1 Rec8 22. Rxc5 Rxc5 23. a4 Nc3 24. a5 Nd7 25. Nd4 Ne5 26. Bf1 Nc4 27. a6 b6
28. Rc1 Nxb5 29. Nxb5 Rxb5 30. Bxc4 dxc4 31. Rxc4 Rb1+ 32. Kh2 Ra1 33. Rc8+ Kh7
34. Rc7 Rxa6 35. Rxf7 b5 36. Rb7 Rb6 37. Rxa7 b4 38. Ra1 b3 39. Rb1 b2 40. Kg3
g5 41. Kf3 Kg6 42. Ke2 Kh5 43. Kd2 g4 44. hxg4+ Kxg4 45. Kc2 Rf6 46. Rxb2 Rxf2+
47. Kc3 Rxb2 48. Kxb2 Kf5 49. Kc3 Ke5 50. Kd3 Kd5 51. e4+ Ke5 52. Ke3 Ke6 53.
Kf4 Kf6 54. e5+ Ke6 55. Ke4 Ke7 56. Kf5 Kf7 57. e6+ Ke7 58. Kg6 Kxe6 59. g4 Ke5
60. g5 Kf4 61. Kxg7 Kxg5 1/2-1/2

[Event "SV Lingen-Chemnitzer SC Aufbau`95"]
[Site "?"]
[Date "2010.12.27"]
[Round "1.2"]
[White "Thole, Ann-Christin"]
[Black "Nitzsche, Pia"]
[Result "1-0"]
[WhiteElo "1288"]
[BlackElo "1522"]
[PlyCount "79"]
[EventDate "2010.??.??"]
[WhiteTeam "SV Lingen"]
[BlackTeam "Chemnitzer SC Aufbau`95"]

1. e4 c5 2. Nc3 Nc6 3. f4 d6 4. Nf3 g6 5. Bc4 Bg7 6. O-O Nf6 7. d3 O-O 8. Qe1
a6 9. a4 Bd7 10. Qh4 e6 11. f5 Nh5 12. Bg5 Bf6 13. g4 Bxg5 14. Nxg5 h6 15. fxg6
Qxg5 16. Qxg5 hxg5 17. gxh5 fxg6 18. hxg6 Ne5 19. Bb3 Nxg6 20. a5 Rae8 21. Na4
Nh4 22. Rxf8+ Kxf8 23. Nb6 Bc6 24. Kf2 Kg7 25. Kg3 Kg6 26. Kg4 Kh6 27. Rf1 Kg6
28. Rf2 d5 29. exd5 exd5 30. Bxd5 Bxd5 31. Nxd5 Re6 32. b4 cxb4 33. Nxb4 Rd6
34. c4 Rd4+ 35. Kh3 Kh5 36. Rf7 g4+ 37. Kg3 Kg5 38. Rg7+ Kf5 39. Kxh4 Rf4 40.
Rf7+ 1-0

[Event "SV Lingen-Chemnitzer SC Aufbau`95"]
[Site "?"]
[Date "2010.12.27"]
[Round "1.3"]
[White "Kempe, Anne"]
[Black "Schlichter, Lisa"]
[Result "1-0"]
[WhiteElo "1391"]
[BlackElo "1007"]
[PlyCount "85"]
[EventDate "2010.??.??"]
[WhiteTeam "Chemnitzer SC Aufbau`95"]
[BlackTeam "SV Lingen"]

1. e4 e5 2. Nf3 Nc6 3. Bc4 Bc5 4. c3 Nf6 5. d4 exd4 6. cxd4 Bb4+ 7. Bd2 Bxd2+
8. Nbxd2 d5 9. exd5 Nxd5 10. O-O O-O 11. Re1 Be6 12. a3 Re8 13. h3 Qd7 14. Bb5
Nde7 15. Ne4 a6 16. Ba4 b5 17. Bc2 Nf5 18. Nc5 Qd6 19. Be4 Bd7 20. Nxd7 Qxd7
21. Rc1 Nfe7 22. Ne5 Qd6 23. Nxc6 Rac8 24. Nxe7+ Rxe7 25. Qd3 g6 26. Bf3 Rce8
27. Re2 Kg7 28. Rce1 c5 29. d5 h5 30. Rxe7 Rxe7 31. Rxe7 Qxe7 32. Kf1 Kf8 33.
d6 Qd7 34. Bc6 Qd8 35. d7 Ke7 36. Qe4+ Kf8 37. Qe8+ Qxe8 38. dxe8=Q+ Kg7 39.
Qe7 Kh6 40. Qxf7 Kg5 41. Be8 Kh4 42. Qxg6 c4 43. Qxh5# 1-0

[Event "SV Lingen-Chemnitzer SC Aufbau`95"]
[Site "?"]
[Date "2010.12.27"]
[Round "1.4"]
[White "Möller, Hannah"]
[Black "Nobis, Anna"]
[Result "1-0"]
[WhiteElo "954"]
[BlackElo "1397"]
[PlyCount "149"]
[EventDate "2010.??.??"]

1. e4 c5 2. Nc3 Nc6 3. f4 d6 4. Nf3 Nf6 5. Bc4 e6 6. O-O Be7 7. d3 O-O 8. Qe1
a6 9. a4 Rb8 10. Qg3 Kh8 11. Qh3 d5 12. Bb3 dxe4 13. dxe4 Nd4 14. Be3 Nxb3 15.
cxb3 Qc7 16. Ng5 h6 17. f5 exf5 18. Bf4 Bd6 19. Bxd6 Qxd6 20. exf5 Kg8 21. Nge4
Nxe4 22. Nxe4 Qd4+ 23. Nf2 Qxb2 24. Qf3 Qf6 25. Ne4 Qc6 26. f6 g5 27. Rac1 Qb6
28. Nxc5 Re8 29. Qg3 Ra8 30. Qf3 Re5 31. Qc3 Rf5 32. a5 Rxf1+ 33. Rxf1 Qc6 34.
Rd1 Bg4 35. Rd4 Qxf6 36. Ne4 Qe7 37. Nc5 Bf5 38. h3 Re8 39. b4 Qc7 40. Rd5 Bg6
41. Rd7 Qf4 42. Rxb7 Rd8 43. Qe1 Qd4+ 44. Kh2 Qd6+ 45. Qg3 Qd5 46. Rb6 Qc4 47.
Qc7 Ra8 48. Rb8+ Rxb8 49. Qxb8+ Kh7 50. Qb6 Qf4+ 51. Kg1 Qd4+ 52. Kf1 Qf4+ 53.
Ke2 Bh5+ 54. g4 Qh2+ 55. Kd3 Qxh3+ 56. Kd2 Qg2+ 57. Kc3 Qf3+ 58. Nd3 Bxg4 59.
Qxa6 Bf5 60. Qc4 g4 61. Kd2 Bxd3 62. Qxd3+ Qxd3+ 63. Kxd3 h5 64. Ke2 g3 65. Kf1
h4 66. Kg2 Kg6 67. a6 Kg5 68. a7 Kg4 69. a8=Q h3+ 70. Kh1 f5 71. Qg8+ Kf3 72.
Qd5+ Kg4 73. b5 Kh4 74. b6 f4 75. Qd8+ {Partie konnte ab hier nicht mehr
sicher nachvollzogen werden.} 1-0

[Event "SG Oesede-Georgsmarienhütte-SC Uttenreut"]
[Site "?"]
[Date "2010.12.27"]
[Round "1.1"]
[White "Braun, Kristin"]
[Black "Manusina, Nicole"]
[Result "0-1"]
[WhiteElo "1447"]
[BlackElo "1697"]
[PlyCount "74"]
[EventDate "2010.??.??"]
[WhiteTeam "SC Uttenreuth"]
[BlackTeam "SG Oesede-Georgsmarienhütte"]

1. e4 c6 2. Nf3 d5 3. exd5 cxd5 4. d4 g6 5. Nc3 Nf6 6. Bg5 Bg7 7. Bb5+ Bd7 8.
Qd3 e6 9. O-O O-O 10. Ne5 Nc6 11. Bxc6 Bxc6 12. Qf3 h6 13. Bh4 g5 14. Bg3 Qb6
15. Nxc6 bxc6 16. Be5 Nd7 17. Na4 Nxe5 18. dxe5 Qd4 19. b3 Qxe5 20. Rac1 Qf6
21. Qd3 Rac8 22. Nc5 Qe7 23. b4 Be5 24. a3 Bd6 25. Qd4 e5 26. Qc3 Bxc5 27. bxc5
Rb8 28. Rfe1 f6 29. Qh3 Kg7 30. c4 d4 31. Qf5 Qxc5 32. g3 Rb2 33. Qd3 Rfb8 34.
Re4 R8b3 35. Qd1 d3 36. Ra1 Qxf2+ 37. Kh1 Qg2# 0-1

[Event "SG Oesede-Georgsmarienhütte-SC Uttenreut"]
[Site "?"]
[Date "2010.12.27"]
[Round "1.2"]
[White "Böhm, Jana"]
[Black "Michalowski, Melina"]
[Result "1-0"]
[WhiteElo "1442"]
[BlackElo "1109"]
[PlyCount "45"]
[EventDate "2010.??.??"]
[WhiteTeam "SG Oesede-Georgsmarienhütte"]
[BlackTeam "SC Uttenreuth"]

1. e4 {[%emt 0:00:00]} c6 2. d4 d5 3. exd5 cxd5 4. Bd3 Nf6 5. Bf4 Nc6 6. c3 e6
7. Nf3 Bd6 8. Bxd6 Qxd6 9. O-O O-O 10. Re1 b6 11. Qc2 Re8 12. Ne5 Ne7 13. Nd2
Nf5 14. Ndf3 h6 15. h3 h5 16. Ng5 Nh6 17. Re3 g6 18. Bxg6 Kf8 19. Nexf7 Nxf7
20. Bxf7 Re7 21. Qg6 e5 22. Nh7+ Nxh7 23. Qg8# 1-0

[Event "SG Oesede-Georgsmarienhütte-SC Uttenreut"]
[Site "?"]
[Date "2010.12.27"]
[Round "1.3"]
[White "Michalowski, Sophia"]
[Black "Hinzke, Anna-Lena"]
[Result "0-1"]
[WhiteElo "997"]
[BlackElo "1068"]
[PlyCount "62"]
[EventDate "2010.??.??"]
[WhiteTeam "SC Uttenreuth"]
[BlackTeam "SG Oesede-Georgsmarienhütte"]

1. d4 {[%emt 0:00:00]} e6 2. e4 d5 3. e5 c5 4. c3 Nc6 5. Nf3 Qb6 6. Be3 Qxb2 7.
Nbd2 Qxc3 8. Rc1 Qa5 9. a4 c4 10. Be2 c3 11. Nb3 Qxa4 12. Rxc3 Bb4 13. Bd2 Bxc3
14. Bxc3 Nh6 15. O-O O-O 16. Qc2 Nb4 17. Bxb4 Qxb4 18. Ng5 g6 19. Nf3 Bd7 20.
Nc5 Rac8 21. Rb1 Qa5 22. Rxb7 Ba4 23. Qc1 Nf5 24. Qa3 Nxd4 25. Nxd4 Rxc5 26. h3
Qe1+ 27. Kh2 Rfc8 28. Qxa4 Qxf2 29. Qd7 Qf4+ 30. Kg1 Rc1+ 31. Bf1 Rxf1# 0-1

[Event "SG Oesede-Georgsmarienhütte-SC Uttenreut"]
[Site "?"]
[Date "2010.12.27"]
[Round "1.4"]
[White "Wang, Yanru"]
[Black "Meyer, Franziska"]
[Result "1-0"]
[WhiteElo "989"]
[BlackElo "849"]
[PlyCount "59"]
[EventDate "2010.??.??"]
[WhiteTeam "SG Oesede-Georgsmarienhütte"]
[BlackTeam "SC Uttenreuth"]

1. e4 c5 2. Nf3 Nc6 3. Be2 g6 4. O-O d6 5. d4 cxd4 6. Nxd4 Bd7 7. c3 Nf6 8. Qc2
Qc8 9. Be3 Ne5 10. Nd2 Bg4 11. Bb5+ Bd7 12. Be2 Bg7 13. Qb3 Bh3 14. gxh3 Qxh3
15. Qxb7 O-O 16. Qxe7 Neg4 17. N4f3 Nxe3 18. fxe3 Bh6 19. Qxf6 Bxe3+ 20. Kh1
Qg4 21. Nc4 Rab8 22. Nxe3 Qxe4 23. Qd4 Qxd4 24. Nxd4 Rxb2 25. a4 Re8 26. Nc4
Rb7 27. Nxd6 Rxe2 28. Nxe2 Rd7 29. Rfd1 Re7 30. Nd4 1-0

[Event "SAV Torgelow-SG Burgtonna"]
[Site "?"]
[Date "2010.12.27"]
[Round "1.1"]
[White "Sieber, Fiona"]
[Black "Wulf, Constanze"]
[Result "1-0"]
[WhiteElo "1582"]
[BlackElo "1238"]
[PlyCount "72"]
[EventDate "2010.??.??"]
[WhiteTeam "SG Burgtonna"]
[BlackTeam "SAV Torgelow"]

1. e4 c5 2. Nf3 e6 3. d4 cxd4 4. Nxd4 Nc6 5. Nc3 Qc7 6. Be3 a6 7. Be2 Nf6 8.
Qd2 Bb4 9. f3 Be7 10. O-O O-O 11. f4 b6 12. e5 Ne8 13. Nxc6 dxc6 14. Na4 c5 15.
Nc3 Bb7 16. Bf3 Rd8 17. Qe2 Qc8 18. Ne4 Nc7 19. c4 Bxe4 20. Bxe4 b5 21. Qh5 g6
22. Qh6 Rfe8 23. Rf3 Bf8 24. Qh4 Be7 25. Qg4 f5 26. exf6 Bxf6 27. f5 Qd7 28.
fxg6 Qg7 29. gxh7+ Kh8 30. Qxg7+ Bxg7 31. Rf7 Be5 32. Raf1 Bd6 33. Bg5 Be5 34.
Bxd8 Rxd8 35. Rf8+ Rxf8 36. Rxf8+ Kg7 1-0

[Event "SAV Torgelow-SG Burgtonna"]
[Site "?"]
[Date "2010.12.27"]
[Round "1.2"]
[White "Schünemann, Anne"]
[Black "Gast, Antonia"]
[Result "1/2-1/2"]
[WhiteElo "1068"]
[BlackElo "1381"]
[PlyCount "81"]
[EventDate "2010.??.??"]
[WhiteTeam "SAV Torgelow"]
[BlackTeam "SG Burgtonna"]

1. e4 e5 2. Nf3 d6 3. d4 exd4 4. Nxd4 Nf6 5. Nc3 Be7 6. Bc4 O-O 7. f3 c6 8. Be3
a5 9. Bb3 Na6 10. Qd2 Nc5 11. a4 Qc7 12. Bc4 Rd8 13. Qf2 d5 14. exd5 Nxd5 15.
Bxd5 cxd5 16. O-O-O Bd7 17. Nxd5 Qd6 18. Ne2 Rac8 19. Bf4 Qe6 20. Nxe7+ Qxe7
21. Bd6 Qg5+ 22. Bf4 Qf5 23. Qe3 Bxa4 24. Rxd8+ Rxd8 25. Qc3 Rc8 26. g4 Qxc2+
27. Qxc2 Nd3+ 28. Kd2 Bxc2 29. Nd4 Nxf4 30. Nxc2 f6 31. Re1 Rd8+ 32. Kc3 Kf7
33. Na3 b6 34. Nc4 Rd3+ 35. Kc2 Rxf3 36. h4 h6 37. h5 g6 38. Nd6+ Kf8 39. Re8+
Kg7 40. Re7+ Kf8 41. Re8+ 1/2-1/2

[Event "SAV Torgelow-SG Burgtonna"]
[Site "?"]
[Date "2010.12.27"]
[Round "1.3"]
[White "Halle, Julia"]
[Black "Schrötter, Luisa"]
[Result "1-0"]
[WhiteElo "1152"]
[BlackElo "1132"]
[PlyCount "81"]
[EventDate "2010.??.??"]
[WhiteTeam "SG Burgtonna"]
[BlackTeam "SAV Torgelow"]

1. e4 {[%emt 0:00:00]} c6 2. d4 d5 3. exd5 cxd5 4. Nf3 Bg4 5. Be2 e6 6. O-O Nc6
7. Be3 Nf6 8. Nc3 Be7 9. Qd2 O-O 10. Rac1 Rc8 11. Na4 Qd7 12. b3 Bd8 13. c4 Bc7
14. Nc5 Qe7 15. Nxb7 Bxf3 16. Bxf3 Rb8 17. cxd5 exd5 18. Rxc6 Rxb7 19. Rfc1 Rd8
20. Bf4 Bxf4 21. Qxf4 Rbb8 22. h3 h6 23. Rc7 Qa3 24. R1c2 Qa5 25. Qd2 Qxd2 26.
Rxd2 Ra8 27. Rdc2 g5 28. Rb7 Ne8 29. Kf1 Kg7 30. Ke2 Kf6 31. Rc6+ Nd6 32. Rb5
Re8+ 33. Kd3 Ke7 34. Rxd5 Red8 35. Rdxd6 Rxd6 36. Rxd6 Kxd6 37. Bxa8 f6 38. Kc4
Kd7 39. Kc5 Kc7 40. d5 Kd7 41. Bc6+ 1-0

[Event "SAV Torgelow-SG Burgtonna"]
[Site "?"]
[Date "2010.12.27"]
[Round "1.4"]
[White "Rais, Vanessa"]
[Black "Winterberg, Johanna"]
[Result "0-1"]
[WhiteElo "881"]
[BlackElo "1080"]
[PlyCount "56"]
[EventDate "2010.??.??"]
[WhiteTeam "SAV Torgelow"]
[BlackTeam "SG Burgtonna"]

1. e4 {[%emt 0:00:00]} c5 2. Nf3 Nc6 3. d4 cxd4 4. Nxd4 d6 5. Nc3 Nf6 6. Be3 g6
7. Bc4 Bg7 8. f3 O-O 9. Qd2 e6 10. O-O-O d5 11. exd5 Nxd5 12. Nxd5 exd5 13. Bb3
Re8 14. Ba4 Bd7 15. Qc3 Nxd4 16. Bxd4 Bh6+ 17. Kb1 Bxa4 18. g4 Rc8 19. Bc5 b6
20. Qb4 Bxc2+ 21. Kxc2 Rxc5+ 22. Kb1 Qc7 23. h4 Be3 24. Rhe1 Rc8 25. a3 Rc1+
26. Rxc1 Bxc1 27. Rd1 Qc2+ 28. Ka2 Qxd1 0-1

[Event "USG Chemnitz-SG Porz"]
[Site "?"]
[Date "2010.12.27"]
[Round "1.1"]
[White "Reksten, Anne"]
[Black "Oltmanns, Bianca"]
[Result "1-0"]
[WhiteElo "1341"]
[BlackElo "1475"]
[PlyCount "69"]
[EventDate "2010.??.??"]
[WhiteTeam "SG Porz"]
[BlackTeam "USG Chemnitz"]

1. c4 f5 2. g3 Nf6 3. Bg2 e6 4. Nc3 Be7 5. e3 O-O 6. Nge2 d6 7. O-O Nc6 8. a3
Bd7 9. d4 Qe8 10. b4 Bc8 11. Bb2 Bd8 12. Re1 Qf7 13. Rc1 Ne7 14. Qd3 Kh8 15. h4
Ng6 16. Nf4 Ng4 17. Nce2 c6 18. d5 cxd5 19. Nxg6+ Qxg6 20. Nf4 Qf6 21. cxd5 e5
22. Ne6 Bxe6 23. dxe6 Qxe6 24. Bxb7 Rb8 25. Bg2 Rb6 26. Qd5 Qh6 27. f4 Bf6 28.
Qf7 g6 29. Qxa7 Rbb8 30. Qc7 Rbd8 31. a4 Rg8 32. b5 Rg7 33. Qc4 Rdd7 34. Qd5
Ra7 35. Ra1 1-0

[Event "USG Chemnitz-SG Porz"]
[Site "?"]
[Date "2010.12.27"]
[Round "1.2"]
[White "Münzner, Rebecca"]
[Black "Gadschisade, Natawan"]
[Result "0-1"]
[WhiteElo "1187"]
[BlackElo "1179"]
[PlyCount "32"]
[EventDate "2010.??.??"]
[WhiteTeam "USG Chemnitz"]
[BlackTeam "SG Porz"]

1. d4 d5 2. c4 c6 3. e3 Bf5 4. Nc3 Nf6 5. Nf3 e6 6. cxd5 exd5 7. Bd3 Bg6 8. O-O
Bb4 9. Bc2 O-O 10. Bd2 Re8 11. Ne2 Bd6 12. Rc1 Ne4 13. Nc3 Bh5 14. Be1 Ng5 15.
Bd3 Nxf3+ 16. gxf3 Qh4 0-1

[Event "USG Chemnitz-SG Porz"]
[Site "?"]
[Date "2010.12.27"]
[Round "1.3"]
[White "Lütje, Melanie"]
[Black "Jentzsch, Juliane"]
[Result "1-0"]
[WhiteElo "1091"]
[BlackElo "911"]
[PlyCount "25"]
[EventDate "2010.??.??"]

1. e4 c5 2. Nf3 Nc6 3. Bc4 e6 4. Nc3 Nf6 5. Bb3 d5 6. exd5 exd5 7. O-O b6 8. d3
g6 9. Bg5 d4 10. Bxf6 Qxf6 11. Nd5 Qd8 12. Qe2+ Ne7 13. Nf6# 1-0

[Event "USG Chemnitz-SG Porz"]
[Site "?"]
[Date "2010.12.27"]
[Round "1.4"]
[White "Scheibe, Lydia"]
[Black "Siegel, Aurelia"]
[Result "1-0"]
[WhiteElo "1002"]
[BlackElo "800"]
[PlyCount "61"]
[EventDate "2010.??.??"]
[WhiteTeam "USG Chemnitz"]
[BlackTeam "SG Porz"]

1. d4 d5 2. Nc3 Nf6 3. Nf3 Nc6 4. Bf4 e6 5. e3 Bb4 6. a3 Bxc3+ 7. bxc3 O-O 8.
Bd3 Bd7 9. Bg5 h6 10. Bh4 Qe7 11. h3 e5 12. O-O e4 13. Ne5 exd3 14. Bxf6 gxf6
15. Nxd3 Rae8 16. Re1 Qe4 17. Nc5 Qe7 18. Qh5 Kh7 19. Qxd5 Be6 20. Qe4+ f5 21.
Qf3 Rb8 22. e4 fxe4 23. Rxe4 Qd6 24. Qh5 b6 25. Nd3 f5 26. Rh4 Bd5 27. Re1 Qg6
28. Qxg6+ Kxg6 29. Nf4+ Kg5 30. g3 Be4 31. Ne6+ 1-0

[Event "SK Freiburg-Zähringen 1887 e.V.-SV Mulde"]
[Site "?"]
[Date "2010.12.27"]
[Round "1.1"]
[White "Cozma, Diana"]
[Black "Bajorski, Maria Sophie"]
[Result "0-1"]
[WhiteElo "1258"]
[BlackElo "1357"]
[PlyCount "76"]
[EventDate "2010.??.??"]
[WhiteTeam "SV Muldental Wilkau-Haßlau"]
[BlackTeam "SK Freiburg-Zähringen 1887 e.V."]

1. e4 e5 2. Nf3 Nc6 3. Bc4 Nf6 4. Ng5 d5 5. exd5 Na5 6. Bb5+ c6 7. Ba4 b5 8.
Bb3 Nxb3 9. axb3 cxd5 10. Qe2 Bd6 11. d4 Qe7 12. O-O O-O 13. Re1 Re8 14. Nf3 e4
15. Ng5 h6 16. Nh3 Bxh3 17. gxh3 Qe6 18. Qe3 Nh5 19. Kg2 Bf4 20. Qe2 g6 21. Nc3
Bxc1 22. Qd1 Nf4+ 23. Kh1 Bxb2 24. Rb1 Bxc3 25. Re3 Ba5 26. Qf1 a6 27. c3 Rac8
28. Qe1 Qf5 29. Ra1 Nd3 30. Qf1 Bxc3 31. Ra2 Bxd4 32. Ree2 Rc1 33. Qxc1 Nxc1
34. Rac2 Nxe2 35. Rxe2 Qf3+ 36. Kg1 Qxe2 37. Kg2 Qxf2+ 38. Kh1 Qg1# 0-1

[Event "SK Freiburg-Zähringen 1887 e.V.-SV Mulde"]
[Site "?"]
[Date "2010.12.27"]
[Round "1.2"]
[White "Hund, Sarah"]
[Black "Simon, Tessa"]
[Result "1-0"]
[WhiteElo "1270"]
[BlackElo "1241"]
[PlyCount "85"]
[EventDate "2010.??.??"]
[WhiteTeam "SK Freiburg-Zähringen 1887 e.V."]
[BlackTeam "SV Muldental Wilkau-Haßlau"]

1. e4 {[%emt 0:00:00]} e5 2. Nf3 d6 3. d4 exd4 4. Nxd4 Be7 5. Nc3 Nf6 6. Bc4
O-O 7. O-O a6 8. Bf4 b5 9. Bd5 c6 10. Nxc6 Nxc6 11. Bxc6 Ra7 12. Be3 Rc7 13.
Bb6 Bd7 14. Bxd7 Qxd7 15. Bxc7 Qxc7 16. Qe2 Re8 17. Rfe1 Bf8 18. Qd3 Qc5 19. a4
Ng4 20. Re2 Ne5 21. Qd5 Qxd5 22. Nxd5 g6 23. Nf6+ Kh8 24. Nxe8 b4 25. Rd1 Nc4
26. b3 Ne5 27. Nxd6 Bxd6 28. Rxd6 Kg7 29. Rxa6 h5 30. Rb6 Nd7 31. Rxb4 Nf6 32.
a5 Ne8 33. a6 Nc7 34. Ra4 Kf8 35. a7 Na8 36. Rd2 Kg7 37. Rd8 Nc7 38. a8=Q Nxa8
39. Raxa8 Kf6 40. Ra7 Kg5 41. Rxf7 Kh6 42. f4 h4 43. Rh8# 1-0

[Event "SK Freiburg-Zähringen 1887 e.V.-SV Mulde"]
[Site "?"]
[Date "2010.12.27"]
[Round "1.3"]
[White "Fromm, Katja"]
[Black "Krißmer, Maria"]
[Result "1-0"]
[WhiteElo "1251"]
[BlackElo "800"]
[PlyCount "87"]
[EventDate "2010.??.??"]
[WhiteTeam "SV Muldental Wilkau-Haßlau"]
[BlackTeam "SK Freiburg-Zähringen 1887 e.V."]

1. d4 {[%emt 0:00:00]} d5 2. c4 e6 3. Nc3 Nf6 4. Bg5 Be7 5. Nf3 dxc4 6. e3 Nc6
7. Bxc4 O-O 8. O-O b6 9. h3 h6 10. Bh4 Nb4 11. a3 Nbd5 12. Bb3 Qd6 13. Qd3 b5
14. Bc2 b4 15. Bxf6 Nxf6 16. Nb5 Ba6 17. Nxd6 Bxd3 18. Bxd3 Bxd6 19. e4 Be7 20.
axb4 Bxb4 21. Rfc1 Rfc8 22. Rc2 a5 23. Ne5 Bd6 24. Nc6 a4 25. e5 Nd5 26. exd6
cxd6 27. Be4 Kf8 28. Bxd5 exd5 29. Nb4 Rxc2 30. Nxc2 Ke7 31. b3 Rb8 32. bxa4
Rb2 33. Ne3 Rb4 34. Nxd5+ Ke6 35. Nxb4 d5 36. a5 Kf5 37. a6 Ke4 38. a7 Kxd4 39.
a8=Q Kc3 40. Rc1+ Kb3 41. Nxd5 Kb2 42. Rc7 Kb3 43. Qb8+ Ka2 44. Ra7# 1-0

[Event "SF Heilbronn-Biberach-SV Welper 1922"]
[Site "?"]
[Date "2010.12.27"]
[Round "1.1"]
[White "Bork, Sophie"]
[Black "Weber, Sandra"]
[Result "1/2-1/2"]
[WhiteElo "1196"]
[BlackElo "1575"]
[PlyCount "56"]
[EventDate "2010.??.??"]
[WhiteTeam "SV Welper 1922"]
[BlackTeam "SF Heilbronn-Biberach"]

1. e4 e5 2. Nf3 Nf6 3. Nxe5 d6 4. Nf3 Nxe4 5. d4 d5 6. Bd3 Bf5 7. O-O Be7 8.
Re1 Nc6 9. Bf4 O-O 10. Nbd2 Nxd2 11. Qxd2 Bxd3 12. Qxd3 Bf6 13. c3 Ne7 14. Be5
Ng6 15. Re3 c6 16. Rae1 Be7 17. Nd2 Bd6 18. Nf3 f6 19. Bxd6 Qxd6 20. Qf5 Rad8
21. Qe6+ Qxe6 22. Rxe6 Kf7 23. g3 Rfe8 24. Rxe8 Rxe8 25. Rxe8 Kxe8 26. Nd2 Ke7
27. Kg2 Ke6 28. Kf3 Kf5 1/2-1/2

[Event "SF Heilbronn-Biberach-SV Welper 1922"]
[Site "?"]
[Date "2010.12.27"]
[Round "1.2"]
[White "Triantafillidis, Zoe"]
[Black "Hütte, Sarah"]
[Result "1/2-1/2"]
[WhiteElo "1278"]
[BlackElo "889"]
[PlyCount "48"]
[EventDate "2010.??.??"]
[WhiteTeam "SF Heilbronn-Biberach"]
[BlackTeam "SV Welper 1922"]

1. e4 g6 2. d4 Bg7 3. Nf3 c6 4. Nc3 d5 5. exd5 cxd5 6. Be3 h5 7. Bd3 Bg4 8. h3
Bxf3 9. Qxf3 e6 10. O-O Nc6 11. Bb5 Nge7 12. Rad1 O-O 13. Rfe1 Nf5 14. Bxc6
bxc6 15. b3 Qb6 16. Na4 Qb4 17. c3 Qe7 18. Nc5 Rfd8 19. Bf4 Re8 20. Nd3 Rac8
21. Be5 Qg5 22. Bxg7 Kxg7 23. Qf4 Qxf4 24. Nxf4 Rb8 1/2-1/2

[Event "SF Heilbronn-Biberach-SV Welper 1922"]
[Site "?"]
[Date "2010.12.27"]
[Round "1.3"]
[White "Marx, Jasmin"]
[Black "Triantafillidis, Katherina"]
[Result "1/2-1/2"]
[WhiteElo "1136"]
[BlackElo "1239"]
[PlyCount "35"]
[EventDate "2010.??.??"]
[WhiteTeam "SV Welper 1922"]
[BlackTeam "SF Heilbronn-Biberach"]

1. d4 {[%emt 0:00:00]} d5 {[%emt 0:00:00]} 2. Nf3 Nf6 3. Bg5 Nc6 4. e3 e6 5. c3
Be7 6. Bd3 b6 7. Nbd2 Bb7 8. Qe2 Nd7 9. Bxe7 Qxe7 10. O-O O-O 11. Rfe1 Rfe8 12.
e4 Nf6 13. exd5 Nxd5 14. Bc2 Rad8 15. Qd3 g6 16. Red1 Nf6 17. Qe2 Nd5 18. Qe4
1/2-1/2

[Event "SF Heilbronn-Biberach-SV Welper 1922"]
[Site "?"]
[Date "2010.12.27"]
[Round "1.4"]
[White "Graf, Janine"]
[Black "Schaller, Bettina"]
[Result "1/2-1/2"]
[WhiteElo "756"]
[BlackElo "975"]
[PlyCount "41"]
[EventDate "2010.??.??"]
[WhiteTeam "SF Heilbronn-Biberach"]
[BlackTeam "SV Welper 1922"]

1. e4 {[%emt 0:00:00]} d6 {[%emt 0:00:00]} 2. d4 Nf6 3. Nc3 g6 4. Nf3 Bg7 5.
Bd3 O-O 6. Be3 c6 7. O-O b5 8. Qd2 Bg4 9. Be2 Nbd7 10. Bh6 Nb6 11. a3 Bxf3 12.
Bxf3 Nc4 13. Qc1 Rb8 14. b3 Nb6 15. Qe3 d5 16. Rfd1 e6 17. Bxg7 Kxg7 18. Qg5 b4
19. Ne2 dxe4 20. Bg4 Nxg4 21. Qxg4 1/2-1/2

[Event "SC Bechhofen-SF Paderborn 2000"]
[Site "?"]
[Date "2010.12.27"]
[Round "1.1"]
[White "Höschen, Franziska"]
[Black "Siegl, Melina"]
[Result "0-1"]
[WhiteElo "1306"]
[BlackElo "1483"]
[PlyCount "54"]
[EventDate "2010.??.??"]
[WhiteTeam "SF Paderborn 2000"]
[BlackTeam "SC Bechhofen"]

1. e4 {[%emt 0:00:00]} c5 {[%emt 0:00:00]} 2. Nc3 Nc6 3. g3 e6 4. Bg2 Nf6 5. d3
d5 6. exd5 Nxd5 7. Nxd5 exd5 8. Bf4 Be7 9. Nf3 Bf6 10. Qe2+ Be6 11. c3 O-O 12.
O-O Re8 13. Rfe1 Bd7 14. Qd2 Qb6 15. Rxe8+ Rxe8 16. Re1 Rxe1+ 17. Qxe1 Qxb2 18.
Bh3 Bxc3 19. Qe3 Qc1+ 20. Kg2 Bxh3+ 21. Kxh3 Qf1+ 22. Kg4 {=} h5+ 23. Kxh5 Qh3+
24. Nh4 g6+ 25. Kh6 Bg7+ 26. Kg5 Kh7 27. Bd6 Bh6+ 0-1